Music Trivia 1990's Multiple Choice-Easy - Statistics

General Stats
  • This quiz has been taken 231 times
  • The average score is 11 of 15
Answer Stats
Question Answer % Correct
Which TV show had the song "I'll Be There For You" as there theme song Friends
97%
What is the band Aqua's most popular song from the 90's Barbie Girl
95%
Which 90's Band Is Known For There Song "American Idiot" Green Day
95%
Which singers real name is actually Marshall Bruce Mathers Eminem
93%
What band had the hit song "Smells Like Teen Spirit" Nirvana
92%
Who was the lead singer of "No Doubt" Gwen Stefani
90%
Name the song that contains the lyrics “You are my fire, the one desire I Want It That Away
90%
What was the name of the movie title track from Titanic My Heart Will Go On
90%
Who sang the Hit song "Man! I Feel Like a Woman" Shania Twain
86%
Who sang the smash hit "All Star" Smash Mouth
78%
Which of these songs was not released in the 90's Get the Party Started
66%
Which Madonna Song Sold Over 6 Million Copies In 1990 Vogue
53%
What year did Whitney Houston release her cover to Dolly Parton's "I Will Always Love You" 1992
39%
How old was Britney Spears when she released her first single "Baby One More Time' in 1998 17
34%
How many U.K. number 1's have the Spice Girls have 9
25%
No matching quizzes found
Score Distribution
Percent of People with Each Score
Percentile by Number Answered
Your Score History
You have not taken this quiz